00524cam a2200145 a 4500020001800000040000800018082002600026100002600052245006000078260008100138300004100219650001500260700002400275710007900299 a9789937210928 cDLC a633 HIM 2008 A038 Or.1 aRajbhandari, Binayak.10aFood crops :bagro-ecology and modern agro-techniques / aKathmandu :bHimalayan College of Agricultural Sciences & Technology,c2008. a266 p. :bill. (some col.) ;c22 cm. 0aFood crops1 aBhatta, Gopal Datt.2 aHimalayan College of Agricultural Sciences & Technology (Kathmandu, Nepal)